| 000 | 00984nam a22002651u 4500 | ||
|---|---|---|---|
| 001 | 05699 | ||
| 003 | HDC | ||
| 007 | cr bn --- | ||
| 008 | 210121p xx fo d 00 engg | ||
| 040 | _aHDC | ||
| 100 |
_aDatuk Che Azizuddin Che Ismail _95995 |
||
| 245 | 0 |
_a5th World Halal Research Summit 2012 Kuala Lumpur Convention Centre, 4th April 2012 : _bInnovations in Halal Logistics / _cby Datuk Che Azizuddin Che Ismail |
|
| 260 |
_a[No place] : _b[publisher not identified], _c2012 |
||
| 300 |
_a22 pages : _bIllustrations |
||
| 336 |
_atext _2rdacontent |
||
| 337 |
_acomputer _2rdamedia |
||
| 338 |
_aonline resource _2rdacarrier |
||
| 650 |
_aHalal industry _9144 |
||
| 650 |
_aHalal logistics _9143 |
||
| 650 |
_aHalal market _9582 |
||
| 856 | _zRequest full-text at [email protected] | ||
| 942 | _2lcc | ||
| 942 | _cSLIDE | ||
| 942 | _kSLID 000576 | ||
| 999 |
_c3023 _d3023 |
||